[Event "Texas Univ-Belgrad Univ 10th"]
[Site "ICC INT"]
[Date "2015.11.06"]
[Round "1.14"]
[White "Rakic, Marija"]
[Black "Mohammad, Ahmad N"]
[Result "1-0"]
[WhiteElo "2349"]
[BlackElo "1809"]
[PlyCount "139"]
[EventDate "2015.11.06"]
[EventType "team-match"]
[EventRounds "1"]
[EventCountry "USA"]
[SourceTitle "CBM 169 Extra"]
[Source "ChessBase"]
[SourceDate "2015.12.18"]
[SourceVersion "1"]
[SourceVersionDate "2015.12.18"]
[SourceQuality "1"]
[WhiteTeam "Belgrade Univ"]
[BlackTeam "Texas Tech Univ"]
[WhiteTeamCountry "SRB"]
[BlackTeamCountry "USA"]

1. d4 d5 2. c4 e6 3. Nc3 Nf6 4. cxd5 exd5 5. Bg5 Be7 6. e3 c6 7. Bd3 b6 8. Nge2 Bb7 9. 0-0 0-0 10. Qc2 h6 11. Bh4 Nbd7 12. f3 c5 13. Bf5 Ne8 14. Bf2 Ndf6 15. Rad1 Nd6 16. Bh3 cxd4 17. Nxd4 Qc7 18. Rfe1 Rfe8 19. Bg3 Qc4 20. Qb1 Bf8 21. Bh4 Be7 22. Nce2 Qa6 23. Bf2 Nc4 24. a3 Bd6 25. Ng3 Rad8 26. Bf5 b5 27. Bd3 Bc5 28. Ngf5 Qb6 29. Nc2 Ne5 30. b4 Nxd3 31. Rxd3 Bf8 32. Ncd4 g6 33. Ng3 Rc8 34. Nb3 Qc7 35. Ne2 Bd6 36. Bg3 Bxg3 37. hxg3 Qe5 38. Kf2 Rc7 39. Nbd4 a6 40. g4 h5 41. gxh5 Nxh5 42. Rh1 Rce7 43. g4 Nf6 44. Qf1 Qg5 45. Qh3 Kg7 46. Ng3 Rxe3 47. Ngf5+ gxf5 48. Nxf5+ Kg6 49. Rxe3 Rxe3 50. Nxe3 d4 51. Nf5 Nxg4+ 52. Qxg4 Qxg4 53. Rh6+ Kxf5 54. fxg4+ Kxg4 55. Rf6 Bd5 56. Rd6 Bc4 57. Rxd4+ Kf5 58. Ke3 Ke5 59. Rh4 Be6 60. Rh8 Bd5 61. Re8+ Kd6 62. Kd4 Kd7 63. Rh8 Bc6 64. Kc5 Be4 65. Rh6 f5 66. Rxa6 Bd3 67. Kd4 Bc4 68. Rf6 Be6 69. Ke5 Bc4 70. Rxf5 1-0